[Event "45 MFSz im. A.Rubinsteina - B"]
[Site "Polanica Zdroj"]
[Date "2009.08.23"]
[Round "6.1"]
[White "Tomsia, Kamil"]
[Black "Kowalczyk, Pawel"]
[Result "0-1"]
[WhiteElo "2103"]
[BlackElo "2103"]
[PlyCount "64"]
[EventDate "2009.??.??"]

1. g3 e5 2. Bg2 d5 3. d3 Nf6 4. c4 dxc4 5. dxc4 Qxd1+ 6. Kxd1 Bc5 7. e3 Nc6 8.
a3 Bg4+ 9. f3 O-O-O+ 10. Ke2 Be6 11. Bh3 a5 12. Bxe6+ fxe6 13. Nc3 e4 14. f4 h5
15. h3 e5 16. Kf2 h4 17. Nge2 hxg3+ 18. Kg2 exf4 19. Nxf4 Bd6 20. Ne6 Rd7 21.
Bd2 Ne5 22. Ng5 Nxc4 23. Ncxe4 Be5 24. Bc3 Nxe3+ 25. Kf3 Nxe4 26. Nxe4 g2 27.
Rhg1 Rxh3+ 28. Ke2 Bh2 29. Nf2 Rg3 30. Be5 Bxg1 31. Bxg3 Bxf2 32. Kxf2 Rd1 0-1

[Event "45 MFSz im. A.Rubinsteina - B"]
[Site "Polanica Zdroj"]
[Date "2009.08.23"]
[Round "6.2"]
[White "Zadlo, Tomasz"]
[Black "Jagiela, Piotr"]
[Result "0-1"]
[WhiteElo "2076"]
[BlackElo "1939"]
[PlyCount "68"]
[EventDate "2009.??.??"]

1. e4 c5 2. c3 d5 3. exd5 Qxd5 4. d4 Nf6 5. Nf3 e6 6. Be3 cxd4 7. cxd4 Nc6 8.
Nc3 Qd8 9. a3 a6 10. Bd3 Bd6 11. O-O h6 12. Qe2 O-O 13. Rad1 Bd7 14. Bc1 Qc7
15. Rfe1 Ne7 16. Ne5 Bc6 17. Bb1 Ned5 18. Qd3 Rfd8 19. Qg3 Kf8 20. Qh4 Nxc3 21.
bxc3 Bxe5 22. dxe5 Rxd1 23. Rxd1 Qxe5 24. Qb4+ Kg8 25. Bf4 Qe2 26. Rc1 Nd5 27.
Qd4 Nxf4 28. Qxf4 Rd8 29. h3 Qd2 30. Qxd2 Rxd2 31. Kf1 Rb2 32. g3 Kf8 33. c4
Rb3 34. a4 Ra3 0-1

[Event "45 MFSz im. A.Rubinsteina - B"]
[Site "Polanica Zdroj"]
[Date "2009.08.23"]
[Round "6.3"]
[White "Lach, Piotr"]
[Black "Solnicki, Michal"]
[Result "0-1"]
[WhiteElo "2148"]
[BlackElo "2031"]
[PlyCount "54"]
[EventDate "2009.??.??"]

1. e4 c5 2. Nf3 Nc6 3. d4 cxd4 4. Nxd4 g6 5. Nc3 Bg7 6. Nde2 Nf6 7. g3 d6 8.
Bg2 Be6 9. Nd5 Rc8 10. O-O Qd7 11. Re1 Bh3 12. Bh1 h5 13. Bg5 h4 14. Bxh4 Rxh4
15. gxh4 Qg4+ 16. Ng3 Qxh4 17. Nxf6+ Bxf6 18. e5 Bxe5 19. Qd3 f5 20. Rad1 Kf8
21. c3 Kg7 22. Qb5 f4 23. Rd3 Rh8 24. Qxb7 Bc8 25. Qxc6 Qxh2+ 26. Kf1 fxg3 27.
fxg3 Rf8+ 0-1

[Event "45 MFSz im. A.Rubinsteina - B"]
[Site "Polanica Zdroj"]
[Date "2009.08.23"]
[Round "6.4"]
[White "Mucha, Magdalena"]
[Black "Szadkowski, Krzysztof"]
[Result "0-1"]
[WhiteElo "1787"]
[BlackElo "2100"]
[PlyCount "62"]
[EventDate "2009.??.??"]

1. e4 Nf6 2. e5 Nd5 3. d4 d6 4. c4 Nb6 5. exd6 exd6 6. Nc3 Be7 7. Be3 Nc6 8.
Rc1 O-O 9. b3 Re8 10. Be2 Bf6 11. Qd2 Ne7 12. Bd3 Bf5 13. Nge2 Qd7 14. Ng3 g6
15. Bxf5 Nxf5 16. Nxf5 Qxf5 17. O-O d5 18. Nxd5 Nxd5 19. cxd5 Rac8 20. Qa5 Re7
21. Qxa7 Qxd5 22. Qc5 Qe4 23. Rfd1 Rd8 24. h3 Rd5 25. Qc2 Qh4 26. Qc4 Rdd7 27.
Rd2 c5 28. Rcd1 cxd4 29. f3 dxe3 30. Rd5 Qf2+ 31. Kh2 Rxd5 0-1

[Event "45 MFSz im. A.Rubinsteina - B"]
[Site "Polanica Zdroj"]
[Date "2009.08.23"]
[Round "6.5"]
[White "Mondrzycki, Bartlomiej"]
[Black "Golek, Jagoda"]
[Result "0-1"]
[WhiteElo "2021"]
[BlackElo "2040"]
[PlyCount "128"]
[EventDate "2009.??.??"]

1. e4 d5 2. exd5 Qxd5 3. Nc3 Qd6 4. d4 Nf6 5. Nf3 a6 6. g3 Bf5 7. Bg2 c6 8. O-O
e6 9. Qe2 Qc7 10. Ne5 Bd6 11. Bg5 Nbd7 12. Nc4 O-O 13. Nxd6 Qxd6 14. Rad1 Rfe8
15. Rfe1 h6 16. Bf4 Qf8 17. Ne4 Bxe4 18. Bxe4 Nxe4 19. Qxe4 Nf6 20. Qf3 Nd5 21.
Bd2 b5 22. c3 Rac8 23. b3 Qa3 24. Qg4 Kh8 25. c4 bxc4 26. bxc4 Nb6 27. Qh5 Kg8
28. Re4 f5 29. Rh4 Qe7 30. Rc1 Nd7 31. Rf4 Nf6 32. Qe2 Rb8 33. Be1 Qa3 34. Rc3
Qe7 35. Rc1 Ne4 36. Rf3 g5 37. Rd3 g4 38. f3 gxf3 39. Rxf3 Rb7 40. Rb3 Reb8 41.
Qe3 Rxb3 42. axb3 Kh7 43. Ra1 Qb7 44. b4 Rd8 45. Kf1 Qb6 46. c5 Qb7 47. Qd3 Ra8
48. Qc4 Qc8 49. Ke2 Nf6 50. Bd2 Nd5 51. Kf2 Nf6 52. Bf4 Kg6 53. Kg1 Nd5 54. Bd6
Qb7 55. Qe2 Re8 56. g4 Qxb4 57. gxf5+ Kh7 58. Kh1 Qxd4 59. Rg1 Ne3 60. Rg6 exf5
61. Qh5 Qe4+ 62. Kg1 Qb1+ 63. Kf2 Qf1+ 64. Kg3 Qg2+ 0-1

[Event "45 MFSz im. A.Rubinsteina - B"]
[Site "Polanica Zdroj"]
[Date "2009.08.23"]
[Round "6.6"]
[White "Klepaczka, Tomasz"]
[Black "Szusterowski, Radoslaw"]
[Result "1-0"]
[WhiteElo "2085"]
[BlackElo "1969"]
[PlyCount "99"]
[EventDate "2009.??.??"]

1. e4 e6 2. d4 d5 3. Nd2 Nf6 4. e5 Nfd7 5. Bd3 c5 6. c3 Nc6 7. Ne2 Qb6 8. Nf3
f6 9. exf6 Nxf6 10. O-O Bd6 11. Re1 O-O 12. a3 e5 13. dxe5 Nxe5 14. Nxe5 Bxe5
15. Bc2 Bg4 16. f3 Bh5 17. Ng3 c4+ 18. Be3 Qd6 19. Bf2 Rad8 20. Kh1 Bxg3 21.
Bxg3 Qb6 22. Qd2 d4 23. cxd4 Qxd4 24. Qb4 Qd5 25. Re5 Qd2 26. Qxc4+ Bf7 27. Qe2
Qh6 28. Rd1 Nh5 29. Bh4 Rxd1+ 30. Qxd1 Qb6 31. b4 Nf4 32. Bg5 Ng6 33. Be3 Qc7
34. Rc5 Qe7 35. Be4 b6 36. Rc3 Rd8 37. Qc2 Qe5 38. h3 Rd1+ 39. Qxd1 Qxc3 40.
Qd8+ Nf8 41. Bf4 Qf6 42. Qb8 Qe6 43. Qxa7 Nd7 44. Qa8+ Nf8 45. a4 Qb3 46. a5
Qxb4 47. a6 Be6 48. a7 Bxh3 49. Qd5+ Be6 50. Qd2 1-0

[Event "45 MFSz im. A.Rubinsteina - B"]
[Site "Polanica Zdroj"]
[Date "2009.08.23"]
[Round "6.7"]
[White "Jurkowski, Marcin"]
[Black "Skawinski, Arkadiusz"]
[Result "1/2-1/2"]
[WhiteElo "1984"]
[BlackElo "2153"]
[PlyCount "46"]
[EventDate "2009.??.??"]

1. d4 d5 2. c4 c6 3. Nf3 Nf6 4. e3 e6 5. Nc3 Nbd7 6. Qc2 a6 7. b3 b5 8. Bd3 Bb7
9. O-O bxc4 10. bxc4 dxc4 11. Bxc4 c5 12. Be2 Qc7 13. Bd2 cxd4 14. Nxd4 Bd6 15.
h3 Rc8 16. Rfc1 O-O 17. Qd1 Bh2+ 18. Kh1 Nc5 19. Na4 Nfe4 20. Be1 Bd6 21. f3
Nf6 22. Nb3 Qe7 23. Naxc5 Bxc5 1/2-1/2

[Event "45 MFSz im. A.Rubinsteina - B"]
[Site "Polanica Zdroj"]
[Date "2009.08.23"]
[Round "6.8"]
[White "Gromczak, Dariusz"]
[Black "Blaszkiewicz, Mateusz"]
[Result "0-1"]
[WhiteElo "2057"]
[BlackElo "1898"]
[PlyCount "104"]
[EventDate "2009.??.??"]

1. e4 e5 2. Nf3 Nc6 3. d4 exd4 4. Nxd4 Bc5 5. Nxc6 Qf6 6. Qd2 dxc6 7. Nc3 Ne7
8. Na4 Bd6 9. Bd3 Be6 10. O-O Rg8 11. Qg5 O-O-O 12. Nc3 Qxg5 13. Bxg5 h6 14.
Be3 g5 15. a4 Ng6 16. a5 a6 17. Na4 Ne5 18. Rfd1 Ng4 19. Bc5 Bxh2+ 20. Kf1 Bd6
21. Bxd6 cxd6 22. Ke2 Ne5 23. Nb6+ Kc7 24. c4 Nxd3 25. Rxd3 f5 26. exf5 Bxf5
27. Re3 Rge8 28. Rh1 h5 29. g3 Rxe3+ 30. fxe3 Bg4+ 31. Ke1 Rf8 32. Rf1 Rxf1+
33. Kxf1 Bf3 34. Kf2 Be4 35. Na4 d5 36. c5 Bf5 37. Nc3 Kd7 38. Ne2 Ke6 39. Nd4+
Kf6 40. Ne2 Bg4 41. Nc3 Ke5 42. Ke1 d4 43. exd4+ Kxd4 44. Kd2 Kxc5 45. Ne4+ Kb5
46. Nxg5 Kxa5 47. Kc3 b5 48. b4+ Kb6 49. Ne4 a5 50. bxa5+ Kxa5 51. Kb2 b4 52.
Nc5 Kb5 0-1

[Event "45 MFSz im. A.Rubinsteina - B"]
[Site "Polanica Zdroj"]
[Date "2009.08.23"]
[Round "6.9"]
[White "Dowgird, Filip"]
[Black "Wozniak, Dawid"]
[Result "1-0"]
[WhiteElo "2011"]
[BlackElo "1894"]
[PlyCount "71"]
[EventDate "2009.??.??"]

1. e4 c6 2. d4 d5 3. Nc3 dxe4 4. Nxe4 Bf5 5. Ng3 Bg6 6. h4 h6 7. N1e2 e6 8. Nf4
Bh7 9. Bc4 Nf6 10. c3 Nd5 11. Qg4 Nd7 12. Ngh5 Bf5 13. Nxg7+ Bxg7 14. Qxg7 Rh7
15. Qg8+ Nf8 16. Qg3 Qb6 17. Nxd5 cxd5 18. Bd3 Bxd3 19. Qxd3 O-O-O 20. h5 Kb8
21. Bf4+ Ka8 22. O-O-O Rh8 23. Rh3 Nd7 24. Rg3 Qa5 25. Kb1 Rc8 26. Rg7 Rc6 27.
Rxf7 Ra6 28. a3 Qa4 29. Re1 Rc8 30. Re7 e5 31. Bxe5 Rb6 32. Kc1 Qb3 33. Re2 Qa2
34. Rxd7 a5 35. Rc7 Rg8 36. f3 1-0

[Event "45 MFSz im. A.Rubinsteina - B"]
[Site "Polanica Zdroj"]
[Date "2009.08.23"]
[Round "6.10"]
[White "Goluch, Piotr"]
[Black "Mazalon, Mariusz"]
[Result "0-1"]
[WhiteElo "2040"]
[BlackElo "2167"]
[PlyCount "88"]
[EventDate "2009.??.??"]

1. e4 g6 2. d4 Bg7 3. f4 d5 4. e5 Nh6 5. Nc3 c6 6. Nf3 Bg4 7. Be3 Nf5 8. Bf2 h5
9. h3 Bxf3 10. Qxf3 h4 11. Bd3 e6 12. O-O-O Nd7 13. Kb1 Qa5 14. Ne2 c5 15. c4
dxc4 16. Bxc4 cxd4 17. Nxd4 Nxd4 18. Rxd4 Nb6 19. Bb3 g5 20. Rhd1 O-O 21. fxg5
Qxe5 22. Bc2 Nd5 23. Qd3 Rfc8 24. Re1 Qc7 25. Rxh4 Qa5 26. Rf1 Rxc2 27. Qxc2
Nc3+ 28. bxc3 Qb5+ 29. Rb4 Qxf1+ 30. Kb2 Qxg2 31. h4 b5 32. Rxb5 Rc8 33. Rb3 a5
34. Be1 Qh1 35. Qe2 a4 36. Rb4 Qc6 37. Qc2 Ra8 38. g6 a3+ 39. Kb3 fxg6 40. Qxg6
Qd5+ 41. Kc2 Qxa2+ 42. Kd3 Qd5+ 43. Kc2 a2 44. Rg4 Qf5+ 0-1

[Event "45 MFSz im. A.Rubinsteina - B"]
[Site "Polanica Zdroj"]
[Date "2009.08.23"]
[Round "6.11"]
[White "Skrzypczak, Anna"]
[Black "Betkowski, Andrzej"]
[Result "0-1"]
[WhiteElo "1959"]
[BlackElo "2184"]
[PlyCount "46"]
[EventDate "2009.??.??"]

1. e4 g6 2. d4 Bg7 3. Nc3 d6 4. Be3 c6 5. h3 Nd7 6. f4 b5 7. a3 a6 8. Nf3 Qc7
9. Bd3 Bb7 10. O-O c5 11. d5 Ngf6 12. Re1 O-O 13. Qd2 e6 14. dxe6 fxe6 15. Bf2
Rac8 16. Rad1 d5 17. e5 Nh5 18. g3 Bh6 19. Be2 d4 20. Na2 Bxf4 21. gxf4 Nxf4
22. Ng5 Nxh3+ 23. Nxh3 Qc6 0-1

[Event "45 MFSz im. A.Rubinsteina - B"]
[Site "Polanica Zdroj"]
[Date "2009.08.23"]
[Round "6.12"]
[White "Nowicki, Bartosz"]
[Black "Szadkowski, Kamil"]
[Result "0-1"]
[WhiteElo "1944"]
[BlackElo "2167"]
[PlyCount "66"]
[EventDate "2009.??.??"]

1. e4 c5 2. Nf3 a6 3. c3 e6 4. d4 cxd4 5. cxd4 d5 6. e5 Nc6 7. Bd3 Qb6 8. O-O
Bd7 9. Bc2 Nb4 10. Bb3 Ne7 11. Nc3 Nf5 12. Be3 Be7 13. Rc1 O-O 14. a3 Nc6 15.
Na4 Qa7 16. Nc5 Bxc5 17. Rxc5 Rac8 18. Bc2 Nce7 19. Rxc8 Rxc8 20. Qd3 Bb5 21.
Qd2 Bxf1 22. Kxf1 b5 23. Bg5 Qc7 24. Bd3 h6 25. Bf4 Ng6 26. Ne1 Nxf4 27. Qxf4
Ne7 28. Nc2 Qb6 29. Qh4 Kf8 30. g4 Rxc2 31. Bxc2 Qxd4 32. Qg3 Qxb2 33. Bd1 Nc6
0-1

[Event "45 MFSz im. A.Rubinsteina - B"]
[Site "Polanica Zdroj"]
[Date "2009.08.23"]
[Round "6.13"]
[White "Witek, Tomasz"]
[Black "Kacprzak, Robert"]
[Result "0-1"]
[WhiteElo "2138"]
[BlackElo "1906"]
[PlyCount "28"]
[EventDate "2009.??.??"]

1. d4 Nf6 2. c4 e6 3. Nc3 Bb4 4. Qc2 b6 5. a3 Bxc3+ 6. Qxc3 Bb7 7. e3 O-O 8.
Ne2 c5 9. Qd3 d5 10. b3 dxc4 11. bxc4 cxd4 12. exd4 Nc6 13. Bb2 Rc8 14. Bc3 Ne5
0-1

[Event "45 MFSz im. A.Rubinsteina - B"]
[Site "Polanica Zdroj"]
[Date "2009.08.23"]
[Round "6.15"]
[White "Gorecki, Janusz"]
[Black "Usatiuk, Igor"]
[Result "0-1"]
[WhiteElo "1928"]
[BlackElo "2061"]
[PlyCount "130"]
[EventDate "2009.??.??"]

1. e4 e6 2. d4 d5 3. exd5 exd5 4. Bd3 Bd6 5. Nf3 Nf6 6. O-O O-O 7. h3 h6 8. Re1
c6 9. Nbd2 Qb6 10. Nb3 a5 11. a3 a4 12. Nbd2 c5 13. dxc5 Bxc5 14. Qe2 Nc6 15.
b4 Nd4 16. Qf1 Bd6 17. Bb2 Nxf3+ 18. Nxf3 Ne4 19. Bd4 Qc6 20. c4 Ng5 21. Nxg5
hxg5 22. c5 Bc7 23. Be5 Bxe5 24. Rxe5 g4 25. hxg4 Bxg4 26. f3 Qf6 27. Rae1 Be6
28. Qf2 g6 29. f4 Rad8 30. f5 Bc8 31. Qg3 g5 32. Qg4 Kg7 33. b5 Rh8 34. Qd4 Rh4
35. Qe3 Rf4 36. g3 Rg4 37. Qf3 Rd4 38. Kg2 Rh8 39. Qe3 Rxd3 40. Qxd3 Qh6 41.
Qd4 Qh3+ 42. Kf3 Kh7 43. Qg4 Qh6 44. Rxd5 Rg8 45. Rdd1 Qf6 46. Rh1+ Kg7 47. Qd4
Qxd4 48. Rxd4 Bxf5 49. Rxa4 Rd8 50. g4 Bc2 51. Rc4 Bb3 52. Rc3 Bd5+ 53. Ke3
Bxh1 54. c6 bxc6 55. bxc6 Re8+ 56. Kd4 Re4+ 57. Kc5 Rxg4 58. Kb6 Rg1 59. c7
Rb1+ 60. Ka5 Bb7 61. c8=Q Bxc8 62. Rxc8 g4 63. Rc4 f5 64. Rb4 Rxb4 65. axb4 g3
0-1

[Event "45 MFSz im. A.Rubinsteina - B"]
[Site "Polanica Zdroj"]
[Date "2009.08.23"]
[Round "6.16"]
[White "Latocha, Aleksander"]
[Black "Wiewiora, Eneasz"]
[Result "1/2-1/2"]
[WhiteElo "1867"]
[BlackElo "2056"]
[PlyCount "47"]
[EventDate "2009.??.??"]

1. e4 e5 2. Nc3 Nf6 3. Bc4 Nc6 4. d3 Na5 5. Bg5 Nxc4 6. dxc4 Be7 7. Nf3 d6 8.
h3 h6 9. Bh4 O-O 10. b3 c6 11. O-O Qc7 12. Qe2 Nh5 13. Bxe7 Qxe7 14. Rad1 b6
15. Qd2 Rd8 16. Ne1 Be6 17. Nd3 Re8 18. Nb4 Nf4 19. Kh2 c5 20. Nbd5 Nxd5 21.
Nxd5 Bxd5 22. Qxd5 Rad8 23. Rd3 Qc7 24. Rg3 1/2-1/2

[Event "45 MFSz im. A.Rubinsteina - B"]
[Site "Polanica Zdroj"]
[Date "2009.08.23"]
[Round "6.17"]
[White "Ziebinski, Bartosz"]
[Black "Jarus, Grzegorz"]
[Result "1/2-1/2"]
[WhiteElo "2045"]
[BlackElo "1860"]
[PlyCount "59"]
[EventDate "2009.??.??"]

1. e4 Nf6 2. Nc3 d5 3. exd5 Nxd5 4. Bc4 Nb6 5. Bb3 Nc6 6. Qf3 e6 7. Nge2 Be7 8.
O-O O-O 9. d3 Bd7 10. d4 Na5 11. Ne4 Bc6 12. Qd3 Nxb3 13. axb3 Nd5 14. c3 Nf6
15. Nxf6+ Bxf6 16. Qg3 Qd7 17. Bf4 Rfc8 18. Rfd1 Be4 19. Rd2 Kh8 20. c4 c6 21.
Qe3 Bg6 22. Bg3 Be7 23. Nf4 Bb4 24. Re2 Rd8 25. Rd1 Bf5 26. h3 Bc5 27. Red2 Bb4
28. Re2 Bc5 29. Red2 Bb4 30. Re2 1/2-1/2

[Event "45 MFSz im. A.Rubinsteina - B"]
[Site "Polanica Zdroj"]
[Date "2009.08.23"]
[Round "6.18"]
[White "Musialkiewicz, Pawel"]
[Black "Dzieczkaniec, Piotr"]
[Result "1/2-1/2"]
[WhiteElo "1838"]
[BlackElo "2031"]
[PlyCount "61"]
[EventDate "2009.??.??"]

1. d4 Nf6 2. c4 e6 3. Nc3 Bb4 4. Qc2 O-O 5. a3 Bxc3+ 6. Qxc3 Ne4 7. Qc2 f5 8.
Nf3 b6 9. g3 Bb7 10. Bg2 d6 11. b4 Nd7 12. O-O c6 13. Bb2 d5 14. c5 b5 15. Ne5
Nxe5 16. dxe5 Ng5 17. a4 Ba6 18. a5 Qe8 19. Bc1 Nf7 20. Bb2 Nh8 21. e3 Kf7 22.
f3 Kg8 23. f4 Bc8 24. Qe2 Bd7 25. Kf2 Qe7 26. Ke1 Be8 27. Bd4 Bg6 28. Kd2 Kf7
29. Bf3 Rfd8 30. Kc2 Rf8 31. Kb2 1/2-1/2

[Event "45 MFSz im. A.Rubinsteina - B"]
[Site "Polanica Zdroj"]
[Date "2009.08.23"]
[Round "6.19"]
[White "Szusterowski, Przemyslaw"]
[Black "Borowicz, Przemyslaw"]
[Result "1-0"]
[WhiteElo "1750"]
[BlackElo "2009"]
[PlyCount "49"]
[EventDate "2009.??.??"]

1. e4 c6 2. d4 d5 3. exd5 cxd5 4. c4 Nf6 5. Nc3 e6 6. Nf3 Bb4 7. Bd3 Nc6 8. O-O
O-O 9. Bg5 dxc4 10. Bxc4 a6 11. a3 Be7 12. Re1 b5 13. Ba2 Bb7 14. Qd2 h6 15.
Bh4 Qb6 16. d5 Rad8 17. Rad1 exd5 18. Bxf6 Bxf6 19. Nxd5 Rxd5 20. Bxd5 Rd8 21.
Qf4 Nd4 22. Bxb7 Ne2+ 23. Rxe2 Rxd1+ 24. Ne1 Kf8 25. Qe4 1-0

[Event "45 MFSz im. A.Rubinsteina - B"]
[Site "Polanica Zdroj"]
[Date "2009.08.23"]
[Round "6.21"]
[White "Skiba, Marta"]
[Black "Bes, Michal"]
[Result "1/2-1/2"]
[WhiteElo "1729"]
[BlackElo "1983"]
[PlyCount "98"]
[EventDate "2009.??.??"]

1. e4 c6 2. d4 d5 3. exd5 cxd5 4. c4 Nf6 5. Nc3 e6 6. Nf3 Nc6 7. cxd5 Nxd5 8.
Bd3 Be7 9. a3 O-O 10. O-O b6 11. Re1 Bb7 12. Qc2 h6 13. Qd1 Rc8 14. Bc2 Ba6 15.
Nxd5 Qxd5 16. Be4 Qd7 17. Be3 Bf6 18. Qa4 Nb8 19. Qd1 Nc6 20. Qa4 Nb8 21. Qd1
Rfd8 22. Ne5 Bxe5 23. dxe5 Bb7 24. Qg4 Bxe4 25. Qxe4 Nc6 26. Rac1 Ne7 27. Qg4
Nf5 28. Qe4 Rxc1 29. Bxc1 Qd3 30. Qa4 Nd4 31. h3 Nc2 32. Rf1 Qe2 33. Bf4 Nd4
34. Be3 Qxb2 35. Bxd4 Qxd4 36. Qxa7 Rd5 37. Qe7 Qf4 38. Qc7 b5 39. Re1 h5 40.
Qe7 g5 41. g3 Qf5 42. Kg2 Rd2 43. Qc5 h4 44. g4 Qd3 45. Qe3 Qd8 46. Rc1 Rd3 47.
Rc8 Qxc8 48. Qxd3 Qc6+ 49. Qf3 Qc1 1/2-1/2

[Event "45 MFSz im. A.Rubinsteina - B"]
[Site "Polanica Zdroj"]
[Date "2009.08.23"]
[Round "6.22"]
[White "Wasik, Piotr"]
[Black "Karcz, Bartlomiej"]
[Result "1-0"]
[WhiteElo "1976"]
[BlackElo "1836"]
[PlyCount "93"]
[EventDate "2009.??.??"]

1. e4 e5 2. Nf3 Nc6 3. Nc3 Nf6 4. d4 exd4 5. Nd5 Be7 6. Bf4 d6 7. Nxd4 Nxd4 8.
Qxd4 O-O 9. O-O-O Nxd5 10. exd5 Bf5 11. f3 Bf6 12. Qd2 h6 13. g4 Bh7 14. Kb1 b5
15. h4 Be5 16. Bxe5 dxe5 17. Bxb5 Qf6 18. g5 Qb6 19. Bc6 Rab8 20. b3 h5 21.
Rde1 Qc5 22. Kb2 Rb6 23. Rh2 Ra6 24. a4 Qd6 25. Qe2 e4 26. fxe4 Qe5+ 27. Ka2
Rb6 28. Rh3 Rb4 29. Re3 Qf4 30. c3 Rbb8 31. Qf3 Qh2+ 32. R3e2 Qe5 33. Rg1 Bg6
34. Qg3 Qe7 35. Qf4 Qc5 36. Qe3 Qa5 37. Qd4 Qa6 38. Rf2 Rb6 39. Rg3 Rfb8 40. b4
Rd8 41. b5 Qc8 42. a5 Rxc6 43. bxc6 Qa6 44. Qb4 Bxe4 45. Qxe4 Qxa5+ 46. Kb1
Rxd5 47. Qe8+ 1-0

[Event "45 MFSz im. A.Rubinsteina - B"]
[Site "Polanica Zdroj"]
[Date "2009.08.23"]
[Round "6.24"]
[White "Grochocinska, Urszula"]
[Black "Galyga, Jozef"]
[Result "0-1"]
[WhiteElo "1711"]
[BlackElo "1956"]
[PlyCount "23"]
[EventDate "2009.??.??"]

1. e4 e6 2. d4 d5 3. e5 c5 4. Qg4 cxd4 5. Bd3 Nc6 6. Nf3 Nge7 7. O-O Ng6 8. Re1
Be7 9. Bxg6 hxg6 10. Nxd4 Nxd4 11. Qxd4 Bd7 12. c4 {Dalsze zapisy niezrozumiale
} 0-1

[Event "45 MFSz im. A.Rubinsteina - B"]
[Site "Polanica Zdroj"]
[Date "2009.08.23"]
[Round "6.25"]
[White "Graczyk, Konrad"]
[Black "Bednarski, Dawid"]
[Result "0-1"]
[WhiteElo "1907"]
[BlackElo "1799"]
[PlyCount "52"]
[EventDate "2009.??.??"]

1. d4 Nf6 2. Nf3 e6 3. Bg5 d5 4. c4 Be7 5. e3 O-O 6. Nc3 c6 7. Qc2 Nbd7 8. cxd5
exd5 9. Bd3 Re8 10. O-O h6 11. Bh4 Ne4 12. Bg3 Nxg3 13. hxg3 Nf6 14. Rab1 Bd6
15. b4 Bg4 16. b5 Qc7 17. bxc6 bxc6 18. Na4 Rab8 19. Rxb8 Rxb8 20. Rc1 Bd7 21.
Nc5 Bc8 22. Nd2 Ng4 23. e4 Bxg3 24. Rf1 Bxf2+ 25. Rxf2 Qh2+ 26. Kf1 Ne3+ 0-1

[Event "45 MFSz im. A.Rubinsteina - B"]
[Site "Polanica Zdroj"]
[Date "2009.08.23"]
[Round "6.26"]
[White "Somyk, Marcin"]
[Black "Kozera, Aleksandra"]
[Result "0-1"]
[WhiteElo "1901"]
[BlackElo "1788"]
[PlyCount "86"]
[EventDate "2009.??.??"]

1. e4 e6 2. d4 d5 3. Nc3 Nf6 4. Bg5 Bb4 5. e5 h6 6. Be3 Ne4 7. Qg4 Kf8 8. a3
Bxc3+ 9. bxc3 Nxc3 10. Bd3 c5 11. dxc5 Nc6 12. Bd2 d4 13. Bxc3 dxc3 14. Nf3 Qd5
15. Qf4 Qxc5 16. O-O Ne7 17. Rab1 Nd5 18. Qh4 Qe7 19. Qd4 b6 20. a4 Bb7 21. Be4
Rc8 22. Rb3 Qc5 23. Rd1 Ke7 24. Qd3 Rhd8 25. Rb5 Qc4 26. Bxd5 Qxd3 27. Rxd3
Rxd5 28. Rdxd5 Bxd5 29. Rb4 Rc5 30. Nd4 Be4 31. f3 Bg6 32. a5 bxa5 33. Rb7+ Ke8
34. Rxa7 Rxe5 35. Ra8+ Kd7 36. Kf2 Rd5 37. Ke3 e5 38. Ra7+ Kd6 39. Ra6+ Ke7 40.
Ra7+ Kd6 41. Ra6+ Kc7 42. Nb3 Bxc2 43. Nxa5 Ba4 0-1

[Event "45 MFSz im. A.Rubinsteina - B"]
[Site "Polanica Zdroj"]
[Date "2009.08.23"]
[Round "6.27"]
[White "Siedlanowski, Lukasz"]
[Black "Graczyk, Damian"]
[Result "1/2-1/2"]
[WhiteElo "1688"]
[BlackElo "1890"]
[PlyCount "69"]
[EventDate "2009.??.??"]

1. e4 c5 2. Nf3 Nc6 3. d4 cxd4 4. Nxd4 d6 5. c4 g6 6. Nc3 Bg7 7. Be3 Nf6 8. f3
O-O 9. Be2 Bd7 10. Qd2 Rc8 11. Rc1 Ne5 12. b3 a6 13. O-O Re8 14. Nd5 Bc6 15.
Rfd1 h5 16. Bf1 Kh7 17. Nxc6 Rxc6 18. Nxf6+ Bxf6 19. c5 Qb8 20. Qf2 Rd8 21. h3
dxc5 22. Bxc5 Rxd1 23. Rxd1 Qc7 24. Be3 Nd7 25. f4 Bg7 26. Bc4 Nf6 27. Qf3 b5
28. Bd3 e5 29. fxe5 Ne8 30. Rf1 Qxe5 31. Qxf7 Nf6 32. Qa7 Rd6 33. Bf4 Qd4+ 34.
Qxd4 Rxd4 35. Be5 1/2-1/2

[Event "45 MFSz im. A.Rubinsteina - B"]
[Site "Polanica Zdroj"]
[Date "2009.08.23"]
[Round "6.28"]
[White "Lukasiewicz, Aleksander"]
[Black "Szolc, Grzegorz"]
[Result "1-0"]
[WhiteElo "1852"]
[BlackElo "1644"]
[PlyCount "43"]
[EventDate "2009.??.??"]

1. e4 c5 2. Nf3 e6 3. d4 cxd4 4. Nxd4 Nc6 5. Nc3 Qc7 6. Nxc6 dxc6 7. Be2 Nf6 8.
O-O Be7 9. Be3 O-O 10. f4 Rd8 11. Qe1 Bb4 12. Bd3 Qa5 13. e5 Nd5 14. Bd2 Qc5+
15. Kh1 Bxc3 16. Qh4 Bd7 17. Qxh7+ Kf8 18. bxc3 Ke7 19. f5 Ne3 20. Rf3 Qxe5 21.
Rxe3 Qd6 22. Qxg7 1-0

[Event "45 MFSz im. A.Rubinsteina - B"]
[Site "Polanica Zdroj"]
[Date "2009.08.23"]
[Round "6.29"]
[White "Ulanowski, Karol"]
[Black "Gola, Karolina"]
[Result "1-0"]
[WhiteElo "1777"]
[BlackElo "1908"]
[PlyCount "37"]
[EventDate "2009.??.??"]

1. e4 c5 2. Nf3 e6 3. d4 cxd4 4. Nxd4 a6 5. Nc3 b5 6. Bd3 Bb7 7. O-O d6 8. Kh1
Nf6 9. Qe2 Nbd7 10. Bg5 Be7 11. f4 b4 12. e5 bxc3 13. exf6 Nxf6 14. bxc3 Nd5
15. c4 Nc3 16. Qg4 Bxg5 17. fxg5 e5 18. Rxf7 Bc8 19. Qh5 1-0

[Event "45 MFSz im. A.Rubinsteina - B"]
[Site "Polanica Zdroj"]
[Date "2009.08.23"]
[Round "6.30"]
[White "Reichert, Jakub"]
[Black "Koscielny, Edmond"]
[Result "1-0"]
[WhiteElo "1760"]
[BlackElo "1900"]
[PlyCount "89"]
[EventDate "2009.??.??"]

1. d4 f5 2. c4 Nf6 3. Nc3 g6 4. g3 Bg7 5. Bg2 O-O 6. e4 fxe4 7. Nxe4 d6 8. Ne2
Nxe4 9. Bxe4 c6 10. O-O Bg4 11. Be3 Nd7 12. Qd2 e5 13. d5 c5 14. Kg2 Nf6 15. f3
Nxe4 16. fxe4 Qd7 17. Ng1 Qe7 18. h3 Bd7 19. Bg5 Qe8 20. Bh6 Qe7 21. Bg5 Qe8
22. Bh6 a6 23. Bxg7 Kxg7 24. Rxf8 Qxf8 25. Rf1 Qe7 26. Qf2 b5 27. b3 bxc4 28.
bxc4 Rb8 29. Nf3 h6 30. g4 a5 31. Kh1 Rb4 32. Nd2 Rb2 33. a3 Ra2 34. Qe3 Ba4
35. Nb1 Bc2 36. Qf3 a4 37. Kg1 Rb2 38. Nd2 Bb3 39. Rf2 Ba2 40. Kg2 Rc2 41. Qd1
Rb2 42. Qxa4 h5 43. Qd1 Qh4 44. Qf3 hxg4 45. Qf8+ 1-0

[Event "45 MFSz im. A.Rubinsteina - B"]
[Site "Polanica Zdroj"]
[Date "2009.08.23"]
[Round "6.31"]
[White "Cukrowski, Filip"]
[Black "Eggink, Mateusz"]
[Result "1-0"]
[WhiteElo "1854"]
[BlackElo "1756"]
[PlyCount "53"]
[EventDate "2009.??.??"]

1. e4 e5 2. Nf3 Nf6 3. Nxe5 d6 4. Nf3 Nxe4 5. d4 d5 6. Bd3 Bd6 7. O-O O-O 8. c4
c6 9. Nc3 Nxc3 10. bxc3 dxc4 11. Bxc4 h6 12. Qc2 Re8 13. Bxh6 $3 Be6 14. Ng5
Qf6 15. Qh7+ Kf8 16. Nxe6+ fxe6 17. Bd2 Nd7 18. Rae1 Kf7 19. Qh5+ Kg8 20. Qg5
Kf7 21. Qxf6+ Nxf6 22. f4 Nd5 23. f5 exf5 24. Rxf5+ Kg6 25. Rg5+ Kf6 26. Rf1+
Nf4 27. h4 1-0

[Event "45 MFSz im. A.Rubinsteina - B"]
[Site "Polanica Zdroj"]
[Date "2009.08.23"]
[Round "6.32"]
[White "Warchol, Maria"]
[Black "Zajaczkowski, Gwidon"]
[Result "1-0"]
[WhiteElo "1834"]
[BlackElo "1739"]
[PlyCount "57"]
[EventDate "2009.??.??"]

1. e4 e5 2. Nf3 Nc6 3. Bc4 Bc5 4. c3 Nf6 5. d4 exd4 6. cxd4 Bb4+ 7. Bd2 Bxd2+
8. Nbxd2 O-O 9. e5 Qe7 10. O-O Ne8 11. Re1 Na5 12. Bd3 d5 13. exd6 Qxd6 14. Qa4
Nc6 15. Nc4 Qf4 16. d5 Nd4 17. Nxd4 Qxd4 18. Rad1 Qg4 19. Qxe8 Bf5 20. Bxf5
Qxc4 21. Qe4 Qxe4 22. Bxe4 f5 23. Bc2 Kf7 24. Bxf5 Rae8 25. Be6+ Kf6 26. Rd3 g6
27. Rf3+ Kg7 28. Rxf8 Kxf8 29. h3 1-0